Z kroniki ZBoWiD w Ustroniu

Titel: Z kroniki ZBoWiD w Ustroniu
Beteiligt:
In: Kalendarz Ustroński, Band 6 (2004), Seite 227-229, il. 3
alle Artikel anzeigen
Veröffentlicht: 2004 [2003]
Format: Aufsatz
Sprache: Polnisch
Kein Bild verfügbar
X
alg: 39462174
001A    $01999:12-11-16 
001B    $01999:30-05-21 $t14:38:39.000 
001D    $01999:12-11-16 
001U    $0utf8 
001X    $00 
002@    $0Aox 
003@    $0394621743 
007A    $0394621743 $aHEB 
007T    $0Herdww042382 
010@    $apol 
011@    $a2004 $n2004 [2003] 
021A    $aZ kroniki ZBoWiD w Ustroniu 
027A    $aAus der Chronik des Verbandes der Kämpfer für Freiheit und Demokratie (ZBoWiD) in Ustron 
028C    $aSzkaradnik $BBearb. $dLidia 
031A    $d6 $h227-229, il. 3 $j2004 
037A    $aBetr. den Bau des Denkmals für Opfer des Krieges und Martyriums in Ustron 
037A    $aDot. budowy Pomnika Ofiar Walki i Męczeństwa w Ustroniu  
039B    $aIn $8--Abvc--. Kalendarz Ustroński. - Ustroń : Galeria Sztuki Współczesnej, 1999-. - ISSN 1506-848X $x200400000060000773 $9291375650 
045F    $a307.09438 $eDDC23BSB 
045F/01 $a307.09 
045F/03 $g438 
045F/03 $g4385 
046C    $aAus der Chronik des Verbandes der Kämpfer für Freiheit und Demokratie (ZBoWiD) in Ustron $bÜbers. des Hauptsacht. 

lok: 39462174 78

exp: 39462174 78 1 #EPN
201B/01 $011-10-19 $t22:39:32.000 
201U/01 $0utf8 
203@/01 $0790732203 
208@/01 $a12-11-16 $be 
209A/01 $a/ $f000 $x00 
220C/01 $aTitelaufnehmer: MP 
244Z/01 $2Trx $#Silesia $#Śląsk $#Sliezsko $#Slezsko $8--Trx--Schlesien $x01 $9391173987 
244Z/01 $2Trx $#Poola $#Lenkija $#Polija $#Polen Land $#Poland $#Lengyelország $#Poľsko $#Polsko $8--Trx--Polska$gkraj $x02 $9391345966 
244Z/01 $#Ustroń, Powiat Cieszyn $74422236-1 $8--Tg1--Ustroń$gWoiwodschaft Schlesien $x03 $9088665585 
244Z/01 $aGeschichte 1947-1949 $x04 
244Z/01 $2Trx $#mälestusmärgid $#paminklai $#Monuments $#emlékművek $#pomniki $#pamätníky $#pomníky $#zabytki $#pomníky $#pomníky $8--Trx--Denkmäler $x05 $9391357808 
244Z/01 $2Trx $8--Trx--Zeitschriftenaufsatz $x06 $9391384341 
245Z/01 $a13.03 $x01 
245Z/01 $a11.14 $x02 
247C/01 $82080>Marburg/Lahn, Herder-Institut, Forschungsbibliothek, Bibliographieportal $9336309341
LEADER 00000caa a22000002c 4500
001 394621743
003 DE-603
005 20210530143839.0
007 tu
008 161112s2004 xx |||| | u00||u|pol c
035 |a (DE-599)HEB394621743 
040 |a DE-603  |b ger  |c DE-603  |d DE-603 
041 |a pol 
082 0 4 |8 1\u  |a 307.09438  |q DE-101  |2 23/BSB 
085 |8 1\u  |b 307.09 
085 |8 1\u  |z 2  |s 438 
085 |8 1\u  |z 2  |s 4385 
245 0 0 |a Z kroniki ZBoWiD w Ustroniu 
246 1 |i Übers. des Hauptsacht.  |a Aus der Chronik des Verbandes der Kämpfer für Freiheit und Demokratie (ZBoWiD) in Ustron 
246 1 3 |a Aus der Chronik des Verbandes der Kämpfer für Freiheit und Demokratie (ZBoWiD) in Ustron 
264 0 |c 2004 [2003] 
500 |a Betr. den Bau des Denkmals für Opfer des Krieges und Martyriums in Ustron 
500 |a Dot. budowy Pomnika Ofiar Walki i Męczeństwa w Ustroniu <pol> 
700 1 |a Szkaradnik, Lidia  |e Bearb.  |4 edt 
773 0 8 |i In  |t Kalendarz Ustroński  |d Ustroń : Galeria Sztuki Współczesnej, 1999-  |x 1506-848X  |g Band 6 (2004), Seite 227-229, il. 3  |w (DE-603)291375650  |w (DE-600)2654926-8 
924 0 |9 2080  |a (DE-603)790732203  |b DE-2080  |c HES  |d d  |g /